¿es posible otra escuela?: Memorias

El presente texto recoge las memorias del Encuentro de Maestros y Comunicación de Experiencias donde participaron proyectos de formación permanente de docentes ofrecidos por varias Entidades públicas y privadas.

Gardado en:
Detalles Bibliográficos
Autor Corporativo: Encuentro de Maestros y Comunicación de Experiencias Bogotá
Formato: Conference Proceeding Libro
Idioma:Spanish
Publicado: Bogotá: Escuela Pedagógica Experimental, 1998
Edición:1
Subjects:
Acceso en liña:Enlace del recurso
Tags: Engadir etiqueta
Sen Etiquetas, Sexa o primeiro en etiquetar este rexistro!

MARC

LEADER 00000nam a2200000 a 4500
001 001348
008 030813s1998 ck # fr# #000|0#spa#d
041 0 |a spa 
043 |a s-ck--- 
082 0 4 |a 370.71  |b E518m 
111 2 |a Encuentro de Maestros y Comunicación de Experiencias  |d (1988 : Oct. 24-25 :  |c Bogotá) 
245 1 1 |a ¿es posible otra escuela?:  |b Memorias   |c Encuentro de Maestros y Comunicación de Experiencias 
250 |a 1 
260 |a Bogotá:  |b Escuela Pedagógica Experimental,  |c 1998 
300 |a 3 v.  |b il., tabl., 
500 |a IDEP tiene volumen 1 y 2 
504 |a Incluye bibliografía al final de cada capítulo. 
520 3 |a El presente texto recoge las memorias del Encuentro de Maestros y Comunicación de Experiencias donde participaron proyectos de formación permanente de docentes ofrecidos por varias Entidades públicas y privadas. 
650 1 4 |a FORMACIÓN PROFESIONAL DE MAESTROS  |z COLOMBIA 
650 1 4 |a CAPACITACIÓN DOCENTE 
999 |c 3500  |d 3500 
856 |u https://catalogo.idep.edu.co/cgi-bin/koha/opac-detail.pl?biblionumber=3500  |z Enlace del recurso